El hijo del hombre

Պահպանված է:
Մատենագիտական մանրամասներ
Հիմնական հեղինակ: Mauriac, François (autor)
Ձևաչափ: Գիրք
Լեզու:իսպաներեն
Հրապարակվել է: Madrid Taurus 1962
Շարք:Cuadernos Taurus, 35
Խորագրեր:
Ցուցիչներ: Ավելացրեք ցուցիչ
Չկան պիտակներ, Եղեք առաջինը, ով նշում է այս գրառումը!

MARC

LEADER 00000nam a2200000 a 4500
001 UCL5318
003 CL-VaPUC
008 040312e19620000SP |||||||||||||||||spa|d
082 0 4 |a 232.8  |b MAU  |2 21 
100 |a Mauriac, François  |e autor  |9 304055 
245 1 3 |a El hijo del hombre 
300 |a 119 p 
942 |c BK 
945 |d 20040312 00:00:00  |a rbrito 
260 |a Madrid  |b Taurus  |c 1962 
600 0 |a Jesucristo  |9 481811 
650 0 |a Cristología   |9 315091 
650 0 |a Cristianismo  |9 257361 
583 |a last modification  |c 20040312 00:00:00  |k Rodrigo Vera 
490 0 |a Cuadernos Taurus, 35 
999 |c 307928  |d 307926 
952 |0 0  |1 0  |4 0  |6 232_800000000000000_MAU_1962  |7 0  |8 A  |9 374105  |a BIBTEO  |b BIBTEO  |d 2019-11-21  |i 3146715  |o 232.8 MAU 1962  |p 3146715  |r 2025-01-17  |w 2019-11-21  |y BK  |k ICR